IFM Opac

Computing Essentials 2025: (Record no. 22239)

MARC details
000 -LEADER
fixed length control field 00424nam a22001457a 4500
020 ## - INTERNATIONAL STANDARD BOOK NUMBER
ISBN 978-1-266-81687-7
082 ## - DEWEY DECIMAL CLASSIFICATION NUMBER
Classification number 004.078
100 ## - MAIN ENTRY--AUTHOR NAME
Personal name O'Leary Timothy J.
245 ## - TITLE STATEMENT
Title Computing Essentials 2025:
Sub Title Making IT Work for You
260 ## - PUBLICATION, DISTRIBUTION, ETC. (IMPRINT)
Place of publication New York
Name of publisher McGraw Hill
Year of publication 2024
300 ## - PHYSICAL DESCRIPTION
Number of Pages 389 p,; ill,; 28cm
Other physical details Includes Bibliographic Refernces and Index
700 ## - ADDED ENTRY--PERSONAL NAME
Personal name O'Leary Daniel A.
700 ## - ADDED ENTRY--PERSONAL NAME
Personal name O'Leary Linda I.
942 ## - ADDED ENTRY ELEMENTS (KOHA)
Koha item type Books

No items available.